Aplikácia marketingovej stratégie v podmienkach VUNAR, a.s. Nové Zámky pre roky 1999-2003 : Diplomová práca

Uložené v:
Podrobná bibliografia
Hlavný autor: Šill, Ivan (Autor)
Ďalší autori: Baláž, Peter (xxx)
Médium: Rukopis Kniha
Jazyk:Slovak
Vydavateľské údaje: Trnava : STU v Bratislave MtF KMK, 1999
Predmet:
Tagy: Pridať tag
Žiadne tagy, Buďte prvý, kto otaguje tento záznam!

MARC

LEADER 00000ntm a22000003a 4500
001 stu53496
005 20160719155217.8
008 000510s1999----xo------------------slo-d
040 |a STU  |b slo 
041 0 |a slo 
044 |a xo 
100 1 |a Šill, Ivan  |4 aut 
245 1 |a Aplikácia marketingovej stratégie v podmienkach VUNAR, a.s. Nové Zámky pre roky 1999-2003 :  |b Diplomová práca 
260 |a Trnava :  |b STU v Bratislave MtF KMK,  |c 1999 
300 |a 67 s  |c výťah 
650 7 |a Marketing-stratégia-perspektívy  |2 stusub 
650 7 |a manažment priemyselných podnikov  |2 stusub 
700 1 |a Baláž, Peter  |4 xxx 
996 |b 284M002565  |c M*DP-409  |l MMSKP  |s P  |a 0  |w stu53496_0001